The Security Council: (Record no. 13110)
[ view plain ]
| 000 -LEADER | |
|---|---|
| fixed length control field | 00863cam a2200229 4500 |
| 001 - CONTROL NUMBER | |
| control field | 2669223 |
| 005 - DATE AND TIME OF LATEST TRANSACTION | |
| control field | 20020709160622.0 |
| 008 - FIXED-LENGTH DATA ELEMENTS--GENERAL INFORMATION | |
| fixed length control field | 740612s1973nyu | b 001 0 eng d |
| 010 ## - LIBRARY OF CONGRESS CONTROL NUMBER | |
| LC control number | 73018457 |
| 040 ## - CATALOGING SOURCE | |
| Original cataloging agency | DLC |
| Transcribing agency | DLC |
| Modifying agency | DLC |
| 050 00 - LIBRARY OF CONGRESS CALL NUMBER | |
| Classification number | JX1977.A593 |
| Item number | H57 1974 |
| 082 00 - DEWEY DECIMAL CLASSIFICATION NUMBER | |
| Classification number | 341.232 |
| Edition number | 22 |
| Item number | HIS |
| 100 1# - MAIN ENTRY--PERSONAL NAME | |
| Personal name | Hiscocks, Richard. |
| 9 (RLIN) | 10248 |
| 245 14 - TITLE STATEMENT | |
| Title | The Security Council: |
| Remainder of title | A Study in Adolescence/ |
| Statement of responsibility, etc | Richard Hiscocks |
| 260 ## - PUBLICATION, DISTRIBUTION, ETC. (IMPRINT) | |
| Place of publication, distribution, etc | New York: |
| Name of publisher, distributor, etc | Free Press, |
| Date of publication, distribution, etc | 1973 |
| 300 ## - PHYSICAL DESCRIPTION | |
| Extent | 371 p.; |
| Dimensions | 22 cm. |
| 504 ## - BIBLIOGRAPHY, ETC. NOTE | |
| Bibliography, etc | Includes bibliography: p. 331-349 and index |
| 610 20 - SUBJECT ADDED ENTRY--CORPORATE NAME | |
| Corporate name or jurisdiction name as entry element | United Nations. |
| Subordinate unit | Security Council. |
| 9 (RLIN) | 10249 |
| 650 #0 - SUBJECT ADDED ENTRY--TOPICAL TERM | |
| Topical term or geographic name as entry element | World politics |
| Chronological subdivision | 1945-1989. |
| 9 (RLIN) | 10250 |
| 942 ## - ADDED ENTRY ELEMENTS (KOHA) | |
| Source of classification or shelving scheme | Dewey Decimal Classification |
| Item type | Book - Borrowing |
| Withdrawn status | Item status | Source of classification or shelving scheme | Damaged status | Not for loan | Vendor | Home library | Current library | Shelving location | Date acquired | Source of acquisition | Total Checkouts | Total Renewals | Full call number | Barcode | Date last seen | Date last borrowed | Koha item type |
|---|---|---|---|---|---|---|---|---|---|---|---|---|---|---|---|---|---|
| Dewey Decimal Classification | Central Library | Central Library | First floor | 06/01/2010 | Donation | 5 | 28 | 341.232 HIS | 000019366 | 15/07/2025 | 16/04/2024 | Book - Borrowing |